[Event "DSOL 2021"]
[Site "Germany"]
[Date "2021.02.26"]
[Round "4.3"]
[White "Wintzer, Joachim"]
[Black "Friedel, Marcus"]
[Result "1-0"]
[WhiteElo "1620"]
[BlackElo "2124"]
[Annotator "TA"]
[PlyCount "69"]
[EventDate "2021.01.18"]
[EventType "team-tourn"]
[EventCountry "GER"]
[SourceTitle "playchess.com"]
[Source "ChessBase"]
[SourceQuality "1"]
[WhiteTeam "SF Berlin I"]
[BlackTeam "SK Ettlingen I"]

1. d4 d6 2. Nf3 Nf6 3. c4 Nbd7 4. Nc3 e5 5. e4 Be7 6. Be2 O-O 7. O-O c6 8. Qc2 a6 9. Rd1 Qc7 10. h3 Re8 11. Be3 b6 12. Rab1 Bb7 13. b4 Rac8 14. Rdc1 Bf8 15. d5 cxd5 16. cxd5 b5 17. a4 bxa4 18. Qxa4 Ra8 19. Nd2 Reb8 20. Nc4 Be7 21. Na5 Nb6 22. Qa2 Qd8 23. Nxb7 Rxb7 24. Bxa6 Rba7 25. b5 Rd7 26. Na4 Nxa4 27. Qxa4 Qb8 28. Rc6 Rc7 29. b6 Rd7 30. Rbc1 Rd8 31. R1c4 Nd7 32. b7 Ra7 33. Bxa7 Qxa7 34. Rc8 Nb6 35. Rxd8+ 1-0

[Event "DSOL 2021"]
[Site "Germany"]
[Date "2021.02.22"]
[Round "4.3"]
[White "Lang, Nico"]
[Black "Unterkoffler, Thomas"]
[Result "0-1"]
[WhiteElo "1574"]
[BlackElo "1955"]
[Annotator "TA"]
[PlyCount "116"]
[EventDate "2021.01.18"]
[EventType "team-tourn"]
[EventCountry "GER"]
[SourceTitle "playchess.com"]
[Source "ChessBase"]
[SourceQuality "1"]

1. e4 c5 2. c3 Nf6 3. e5 Nd5 4. d4 cxd4 5. cxd4 d6 6. f4 Nc6 7. Nc3 Nxc3 8. bxc3 dxe5 9. dxe5 Qxd1+ 10. Kxd1 Bg4+ 11. Be2 O-O-O+ 12. Kc2 Bf5+ 13. Kb2 e6 14. Be3 h5 15. Nf3 Be7 16. Rad1 Kc7 17. Bb5 a6 18. Bxc6 bxc6 19. Nd4 Rb8+ 20. Nb3 c5 21. c4 Rhd8 22. Kc3 Kc6 23. a4 Be4 24. Nd2 Rd3+ 25. Kc2 Rxe3+ 26. Nxe4 Rxe4 27. Kd3 Rxf4 28. g3 Rd4+ 29. Kc3 Rb4 30. Rxd4 cxd4+ 31. Kd3 Bc5 32. Rf1 Rb3+ 33. Kc2 Rb7 34. Kd3 Ba7 35. Rf4 Rd7 36. Rh4 g6 37. g4 hxg4 38. Rxg4 Rb7 39. Rf4 Rd7 40. h4 a5 41. Rg4 Bc5 42. Rf4 Kc7 43. h5 gxh5 44. Rh4 Kd8 45. Rxh5 Ke7 46. Rh8 Rd8 47. Rh7 Rb8 48. Rh4 Rb3+ 49. Kd2 Ra3 50. Kc2 Rxa4 51. Kb3 Rb4+ 52. Ka2 Rxc4 53. Kb3 Rb4+ 54. Ka2 d3 55. Rh2 Rd4 56. Rd2 Bb4 57. Rd1 d2 58. Kb3 Re4 0-1

[Event "DSOL 2021"]
[Site "Germany"]
[Date "2021.02.24"]
[Round "4.3"]
[White "Kieselbach, Marvin"]
[Black "Spriestersbach, Kai"]
[Result "1-0"]
[WhiteElo "1554"]
[BlackElo "1819"]
[Annotator "NA RC"]
[PlyCount "73"]
[EventDate "2021.01.18"]
[EventType "team-tourn"]
[EventCountry "GER"]
[SourceTitle "playchess.com"]
[Source "ChessBase"]
[SourceQuality "1"]

1. d4 Nf6 2. Nf3 e6 3. e3 c5 4. c3 b6 5. Bd3 Bb7 6. Nbd2 Qc7 7. O-O Nc6 8. Re1 Be7 9. Nf1 Rc8 10. e4 cxd4 11. cxd4 Nb4 12. Bb1 Nc2 13. Bxc2 Qxc2 14. e5 Nd5 15. Qxc2 Rxc2 16. N1d2 Nf4 17. Re3 Ba6 18. Nb3 O-O 19. Ne1 Rc7 20. Bd2 Ne2+ 21. Kh1 Bg5 22. Rxe2 Bxe2 23. Bxg5 Rfc8 24. h4 a5 25. Nc1 Ba6 26. Ncd3 h6 27. Be3 Rd8 28. d5 Rb7 29. d6 Rc8 30. Kh2 Kh7 31. g3 Kg6 32. a4 Kf5 33. f3 Bxd3 34. Nxd3 Rc2+ 35. Kh3 Re2 36. g4+ Kg6 37. Nf4+ 1-0

[Event "DSOL 2021"]
[Site "Germany"]
[Date "2021.02.22"]
[Round "4.3"]
[White "Becker, Marco"]
[Black "Meffert, Matthias"]
[Result "1/2-1/2"]
[WhiteElo "1550"]
[BlackElo "2076"]
[Annotator "TA"]
[PlyCount "61"]
[EventDate "2021.01.18"]
[EventType "team-tourn"]
[EventCountry "GER"]
[SourceTitle "playchess.com"]
[Source "ChessBase"]
[SourceQuality "1"]

1. e4 c5 2. g3 Nc6 3. Bg2 g6 4. Ne2 Bg7 5. O-O e6 6. d3 Nge7 7. c3 d5 8. f4 dxe4 9. dxe4 Qxd1 10. Rxd1 Bd7 11. Be3 b6 12. Na3 Rd8 13. Nb5 Nc8 14. e5 Na5 15. Na3 Bc6 16. Bxc6+ Nxc6 17. Kg2 Ke7 18. Kf3 h5 19. Ke4 Rxd1 20. Rxd1 Rd8 21. Rxd8 Kxd8 22. Nc2 Bf8 23. h3 Kd7 24. g4 hxg4 25. hxg4 b5 26. b3 Nb6 27. Bd2 a5 28. Ne3 a4 29. Kd3 axb3 30. axb3 Na5 31. c4 1/2-1/2

[Event "DSOL 2021"]
[Site "Germany"]
[Date "2021.02.26"]
[Round "4.3"]
[White "Riemann, Jonas"]
[Black "Lorenz, Roger"]
[Result "0-1"]
[WhiteElo "1535"]
[BlackElo "2187"]
[Annotator "TA"]
[PlyCount "78"]
[EventDate "2021.01.18"]
[EventType "team-tourn"]
[EventCountry "GER"]
[SourceTitle "playchess.com"]
[Source "ChessBase"]
[SourceQuality "1"]
[WhiteTeam "SK Bickenbach I"]
[BlackTeam "Kölner SK Dr Lasker I"]

1. e4 e6 2. d3 d5 3. Nd2 Nf6 4. g3 c5 5. Bg2 Nc6 6. Ngf3 Be7 7. O-O O-O 8. Re1 b5 9. h4 Qc7 10. Qe2 Bb7 11. e5 Nd7 12. Nf1 Rfc8 13. Bf4 Bf8 14. N1h2 a5 15. Ng5 h6 16. Nh3 Nd4 17. Qd2 Qd8 18. h5 b4 19. g4 a4 20. c3 Nc6 21. g5 hxg5 22. Nxg5 Ne7 23. Bh3 bxc3 24. bxc3 Ba6 25. Qc2 d4 26. Qe2 Bb7 27. Rab1 Bc6 28. Qg4 Qe8 29. h6 g6 30. Nxe6 fxe6 31. Qxe6+ Kh7 32. Ng4 Nd5 33. Nf6+ N7xf6 34. exf6 Nxf4 35. Qg4 Nxh3+ 36. Qxh3 Qd7 37. Qg3 Bd6 38. Qg5 Qh3 39. Re4 Qxd3 0-1

[Event "DSOL 2021"]
[Site "Germany"]
[Date "2021.02.26"]
[Round "4.3"]
[White "Blankenburg, Philipp"]
[Black "Heidtkamp, Anna"]
[Result "1/2-1/2"]
[WhiteElo "1527"]
[BlackElo "1620"]
[Annotator "NA RC"]
[PlyCount "62"]
[EventDate "2021.01.18"]
[EventType "team-tourn"]
[EventCountry "GER"]
[SourceTitle "playchess.com"]
[Source "ChessBase"]
[SourceQuality "1"]
[WhiteTeam "SG Porz VII"]
[BlackTeam "Düsseldorfer SV II"]

1. e4 c5 2. Nf3 d6 3. d4 cxd4 4. Nxd4 Nf6 5. Nc3 g6 6. Be3 Bg7 7. Bc4 O-O 8. O-O e5 9. Ndb5 a6 10. Nxd6 Qc7 11. Nxc8 Qxc4 12. Nb6 Qc6 13. Nxa8 Nbd7 14. Nd5 Nxd5 15. Qxd5 Qxd5 16. exd5 Rxa8 17. Rad1 e4 18. c3 Rd8 19. Bg5 f6 20. Bf4 f5 21. b4 Bxc3 22. Rc1 Bxb4 23. Rc7 Nc5 24. Rb1 Rxd5 25. h3 Nd3 26. Rc8+ Kf7 27. Rc7+ Ke8 28. Rxb7 a5 29. Be3 f4 30. Ba7 Rd7 31. Rb8+ Ke7 1/2-1/2

[Event "DSOL 2021"]
[Site "Germany"]
[Date "2021.02.24"]
[Round "4.3"]
[White "Paetsch, Hanno"]
[Black "Knaller, Christoph"]
[Result "1-0"]
[WhiteElo "1457"]
[BlackElo "2045"]
[Annotator "TA"]
[PlyCount "83"]
[EventDate "2021.01.18"]
[EventType "team-tourn"]
[EventCountry "GER"]
[SourceTitle "playchess.com"]
[Source "ChessBase"]
[SourceQuality "1"]

1. d4 Nf6 2. Bg5 d5 3. c4 c6 4. Nc3 Bf5 5. Qb3 Qd7 6. Bxf6 gxf6 7. cxd5 cxd5 8. Qxd5 Nc6 9. Qxd7+ Kxd7 10. e4 Bg6 11. O-O-O a6 12. f4 Bh6 13. g3 Rhd8 14. d5 Na7 15. Bg2 Rac8 16. Bh3+ Kd6 17. Bxc8 Rxc8 18. Nge2 Bxe4 19. Rhe1 Nb5 20. Kd2 Nxc3 21. Nxc3 Bf5 22. Rc1 Rc4 23. Ne2 Rxc1 24. Rxc1 Kxd5 25. Rc7 e5 26. Rxf7 exf4 27. Nxf4+ Bxf4+ 28. gxf4 Ke4 29. Rxb7 Kxf4 30. Rb6 Kg5 31. Rxa6 Bg6 32. Ke3 f5 33. Kf3 Bh5+ 34. Kg3 f4+ 35. Kf2 Kg4 36. Ra4 Be8 37. Rb4 h5 38. a4 Bc6 39. a5 Kf5 40. a6 f3 41. a7 Ke6 42. Rb8 1-0

[Event "DSOL 2021"]
[Site "Germany"]
[Date "2021.02.24"]
[Round "4.3"]
[White "Abd Aziz, A Dira A Ddawiyah"]
[Black "Fischer, Alexander"]
[Result "1-0"]
[WhiteElo "1372"]
[BlackElo "2043"]
[Annotator "TA"]
[PlyCount "67"]
[EventDate "2021.01.18"]
[EventType "team-tourn"]
[EventCountry "GER"]
[SourceTitle "playchess.com"]
[Source "ChessBase"]
[SourceQuality "1"]

1. d4 Nf6 2. c4 e6 3. Nc3 Bb4 4. e3 O-O 5. Nge2 d5 6. a3 Bxc3+ 7. Nxc3 b6 8. Qf3 Bb7 9. Bd3 Nbd7 10. cxd5 exd5 11. b4 a5 12. b5 Re8 13. Qh3 Nf8 14. a4 Ng6 15. Ba3 Nf4 16. Qf5 Nxg2+ 17. Kd2 Nh4 18. Qh3 Ng6 19. Rhg1 Ne4+ 20. Nxe4 dxe4 21. Be2 Qh4 22. Qd7 Qd8 23. Qxd8 Raxd8 24. Rac1 Bc8 25. Rxc7 Be6 26. Rgc1 Rc8 27. Rxc8 Rxc8 28. Rc6 Rxc6 29. bxc6 Bc8 30. d5 Ne5 31. Bd6 Nf3+ 32. Bxf3 exf3 33. Bc7 Kf8 34. d6 1-0

[Event "DSOL 2021"]
[Site "Germany"]
[Date "2021.02.26"]
[Round "4.4"]
[White "Nagel, Bernhard"]
[Black "Will, Patrick"]
[Result "1-0"]
[WhiteElo "2180"]
[BlackElo "1349"]
[Annotator "TA"]
[PlyCount "81"]
[EventDate "2021.01.18"]
[EventType "team-tourn"]
[EventCountry "GER"]
[SourceTitle "playchess.com"]
[Source "ChessBase"]
[SourceQuality "1"]
[WhiteTeam "Kölner SK Dr Lasker I"]
[BlackTeam "SK Bickenbach I"]

1. c4 Nf6 2. Nc3 g6 3. g3 Bg7 4. Bg2 O-O 5. e4 d6 6. Nge2 c5 7. O-O a6 8. a4 Nbd7 9. d3 Rb8 10. h3 e6 11. Be3 b6 12. Qd2 Bb7 13. Bh6 Qc7 14. Bxg7 Kxg7 15. f4 Ng8 16. g4 f5 17. Ng3 Ne7 18. Rae1 Rf7 19. Rf2 Rbf8 20. exf5 exf5 21. g5 Bxg2 22. Rxg2 d5 23. Rxe7 Rxe7 24. Nxd5 Qd6 25. Nxe7 Qxe7 26. Re2 Qd6 27. Qe3 Rf7 28. Kf2 Qc6 29. b3 b5 30. axb5 axb5 31. h4 h5 32. gxh6+ Kxh6 33. Qe6 Qxe6 34. Rxe6 bxc4 35. bxc4 Kg7 36. h5 gxh5 37. Nxh5+ Kf8 38. Ng3 Kg7 39. Rd6 Nf8 40. Kf3 Rf6 41. Nh5+ 1-0

[Event "DSOL 2021"]
[Site "Germany"]
[Date "2021.02.24"]
[Round "4.4"]
[White "Common, Pierre-Alexandre"]
[Black "Wojcik, Dominik"]
[Result "1-0"]
[WhiteElo "2159"]
[BlackElo "1620"]
[Annotator "TA"]
[PlyCount "79"]
[EventDate "2021.01.18"]
[EventType "team-tourn"]
[EventCountry "GER"]
[SourceTitle "playchess.com"]
[Source "ChessBase"]
[SourceQuality "1"]

1. c4 d5 2. d4 e6 3. Nc3 Nf6 4. Bg5 Nbd7 5. Nf3 c6 6. a3 h6 7. Bh4 b6 8. e3 Ba6 9. Qa4 Qc8 10. Bxf6 Nxf6 11. Ne5 Bb7 12. cxd5 exd5 13. Rc1 a6 14. Na2 b5 15. Qc2 Qc7 16. b4 Bd6 17. Nd3 Nd7 18. g3 Nb6 19. Bg2 Nc4 20. Qc3 O-O 21. O-O Bc8 22. e4 Be6 23. Nc5 Bxc5 24. dxc5 a5 25. exd5 Bxd5 26. Bxd5 cxd5 27. Rc2 axb4 28. axb4 Ra3 29. Qd4 Rfa8 30. Nc3 Qc6 31. Nxd5 R8a7 32. Qe4 Qe6 33. Qxe6 fxe6 34. Nc3 Ra1 35. Nxb5 Rb7 36. Rxa1 Rxb5 37. Rxc4 Rb7 38. c6 Rc7 39. b5 Kf7 40. b6 1-0

[Event "DSOL 2021"]
[Site "Germany"]
[Date "2021.02.24"]
[Round "4.4"]
[White "Loef, Dirk"]
[Black "Warmbier, Jöerg"]
[Result "1/2-1/2"]
[WhiteElo "2116"]
[BlackElo "1620"]
[Annotator "TA"]
[PlyCount "45"]
[EventDate "2021.01.18"]
[EventType "team-tourn"]
[EventCountry "GER"]
[SourceTitle "playchess.com"]
[Source "ChessBase"]
[SourceQuality "1"]

1. e4 Nf6 2. Nc3 d5 3. exd5 Nxd5 4. Bc4 c6 5. Qf3 e6 6. Nge2 Be7 7. d4 O-O 8. h4 Nd7 9. Bg5 Bxg5 10. hxg5 Qxg5 11. Rh5 Qe7 12. O-O-O f5 13. Rdh1 N7f6 14. R5h4 a5 15. Nf4 b5 16. Bxd5 exd5 17. Qg3 Qc7 18. Qg5 b4 19. Na4 Ne4 20. Qh5 Nf6 21. Qg5 Ne4 22. Qh5 Nf6 23. Qg5 1/2-1/2

[Event "DSOL 2021"]
[Site "Germany"]
[Date "2021.02.23"]
[Round "4.4"]
[White "Dette, Jan"]
[Black "Schiermeyer, Lukas"]
[Result "0-1"]
[WhiteElo "2107"]
[BlackElo "1904"]
[Annotator "TA"]
[PlyCount "114"]
[EventDate "2021.01.18"]
[EventType "team-tourn"]
[EventCountry "GER"]
[SourceTitle "playchess.com"]
[Source "ChessBase"]
[SourceQuality "1"]

1. e4 c5 2. Nf3 Nc6 3. d4 cxd4 4. Nxd4 e5 5. Nb5 d6 6. N1c3 a6 7. Na3 b5 8. Nd5 Nf6 9. Bg5 Be7 10. Bxf6 Bxf6 11. c3 Bg5 12. Nc2 O-O 13. Bd3 Be6 14. Nce3 Bxe3 15. Nxe3 Ne7 16. O-O Qb6 17. Qh5 f6 18. Rfd1 Rfd8 19. Rd2 Rac8 20. a4 b4 21. Nd5 Bxd5 22. exd5 g6 23. Qh4 bxc3 24. bxc3 Kg7 25. Rb1 Qc5 26. Rb7 Rc7 27. Rxc7 Qxc7 28. Qc4 Rc8 29. Qxc7 Rxc7 30. Bxa6 Rxc3 31. h3 Rc1+ 32. Kh2 Rc5 33. Bb7 f5 34. f3 Kf6 35. h4 h6 36. g3 g5 37. hxg5+ hxg5 38. Kg2 e4 39. f4 gxf4 40. gxf4 Ng6 41. Ra2 Nxf4+ 42. Kg3 Nxd5 43. a5 Nc3 44. Ra1 Nb5 45. a6 Na7 46. Kf4 Rc3 47. Rf1 Nb5 48. Bd5 Ra3 49. Bb7 e3 50. Re1 Na7 51. Rxe3 Rxe3 52. Kxe3 Ke5 53. Kd3 d5 54. Ke3 Nb5 55. Bc6 f4+ 56. Kd3 Na7 57. Bb7 Kd6 0-1

[Event "DSOL 2021"]
[Site "Germany"]
[Date "2021.02.25"]
[Round "4.4"]
[White "Garner, Isaac"]
[Black "Heinig, Wolfram"]
[Result "0-1"]
[WhiteElo "2095"]
[BlackElo "2232"]
[Annotator "TA"]
[PlyCount "68"]
[EventDate "2021.01.18"]
[EventType "team-tourn"]
[EventCountry "GER"]
[SourceTitle "playchess.com"]
[Source "ChessBase"]
[SourceQuality "1"]

1. e4 c6 2. Nc3 d5 3. Nf3 Nf6 4. e5 Ne4 5. Ne2 Qb6 6. d4 e6 7. Ng3 c5 8. Bd3 Nxg3 9. fxg3 cxd4 10. O-O h6 11. Qe2 Be7 12. a3 a5 13. g4 Bd7 14. g5 Na6 15. g6 O-O 16. Kh1 Nc5 17. gxf7+ Rxf7 18. Bg6 Rff8 19. Bd2 Bb5 20. Bd3 Bxd3 21. cxd3 Nb3 22. Rae1 Rac8 23. Qf2 Rc2 24. Bxa5 Qc6 25. Re2 Rxe2 26. Qxe2 Nxa5 27. Nxd4 Rxf1+ 28. Qxf1 Qb6 29. Qf4 Nb3 30. Nf3 Qf2 31. h4 Qf1+ 32. Kh2 Qxd3 33. Qa4 Kf7 34. Qf4+ Qf5 0-1

[Event "DSOL 2021"]
[Site "Germany"]
[Date "2021.02.22"]
[Round "4.4"]
[White "Schmidt, Markus"]
[Black "Doenges, Dirk"]
[Result "1-0"]
[WhiteElo "2089"]
[BlackElo "1856"]
[Annotator "TA"]
[PlyCount "63"]
[EventDate "2021.01.18"]
[EventType "team-tourn"]
[EventCountry "GER"]
[SourceTitle "playchess.com"]
[Source "ChessBase"]
[SourceQuality "1"]

1. c4 b6 2. e4 Bb7 3. Nc3 e6 4. d3 Bb4 5. Nge2 d5 6. a3 Bxc3+ 7. Nxc3 dxc4 8. dxc4 Qxd1+ 9. Kxd1 Nf6 10. f3 O-O 11. Nb5 Na6 12. Bf4 c6 13. Nd6 Rad8 14. Kc2 Ba8 15. Rd1 Nh5 16. Be3 Nc7 17. c5 b5 18. g4 Nf6 19. g5 Nd7 20. h4 a5 21. a4 b4 22. Be2 Ne5 23. f4 Ng6 24. h5 Ne7 25. Nc4 Bb7 26. Nxa5 Ba6 27. Bxa6 Nxa6 28. Rd6 Rxd6 29. cxd6 Nc8 30. d7 Ne7 31. Rd1 Rd8 32. Bb6 1-0

[Event "DSOL 2021"]
[Site "Germany"]
[Date "2021.02.26"]
[Round "4.4"]
[White "Lewin, Tammo"]
[Black "Neuhoff, Laertes"]
[Result "1/2-1/2"]
[WhiteElo "2076"]
[BlackElo "1786"]
[Annotator "TA"]
[PlyCount "137"]
[EventDate "2021.01.18"]
[EventType "team-tourn"]
[EventCountry "GER"]
[SourceTitle "playchess.com"]
[Source "ChessBase"]
[SourceQuality "1"]
[WhiteTeam "SV Hellern I"]
[BlackTeam "SG Leipzig"]

1. Nc3 d5 2. e4 d4 3. Nce2 e5 4. Nf3 Bd6 5. Ng3 Nf6 6. Bc4 c5 7. d3 Nc6 8. O-O O-O 9. a3 Ne7 10. Nh4 Bd7 11. h3 b5 12. Ba2 Ng6 13. Nxg6 hxg6 14. Bg5 Qc7 15. Qf3 Nh7 16. Bd2 Be7 17. Ne2 Ng5 18. Qg3 Ne6 19. f4 exf4 20. Nxf4 g5 21. Ne2 Qxg3 22. Nxg3 g6 23. Ne2 Rac8 24. c3 dxc3 25. bxc3 Rfd8 26. Bd5 Kg7 27. c4 a6 28. Ba5 Rf8 29. Bb7 Rb8 30. Bc3+ f6 31. Bxa6 bxc4 32. Bxc4 Ra8 33. a4 Rfb8 34. a5 Ra7 35. Ra2 Bc8 36. Rfa1 Nc7 37. Be1 Bd6 38. Bf2 Ba6 39. Bg3 Bxg3 40. Nxg3 Bxc4 41. dxc4 Rba8 42. Kf2 Na6 43. Nf1 Nb4 44. Ra4 Nc6 45. a6 Nb4 46. Nd2 Rxa6 47. Rxa6 Rxa6 48. Rxa6 Nxa6 49. Ke3 Kf7 50. e5 f5 51. Nf3 Ke6 52. Nxg5+ Kxe5 53. Nf3+ Ke6 54. h4 Nb4 55. Kf4 Kf6 56. Ne5 Ke6 57. Nxg6 Nd3+ 58. Kg5 Nb2 59. Nf4+ Kf7 60. Kxf5 Nxc4 61. Ke4 Kf6 62. g4 Nd2+ 63. Ke3 Nc4+ 64. Ke4 Nd2+ 65. Kd3 Nf3 66. g5+ Nxg5 67. hxg5+ Kxg5 68. Kc4 Kxf4 69. Kxc5 1/2-1/2

[Event "DSOL 2021"]
[Site "Germany"]
[Date "2021.02.23"]
[Round "4.4"]
[White "Keyser, Robin"]
[Black "Lawrenz, Denny"]
[Result "0-1"]
[WhiteElo "2070"]
[BlackElo "1972"]
[Annotator "ChessBase"]
[PlyCount "88"]
[EventDate "2021.01.18"]
[EventType "team-tourn"]
[EventCountry "GER"]
[SourceTitle "playchess.com"]
[Source "ChessBase"]
[SourceQuality "1"]

1. d4 Nf6 2. c4 g6 3. g3 d5 4. cxd5 Nxd5 5. Bg2 Nb6 6. Nc3 Bg7 7. Nf3 O-O 8. O-O Nc6 9. e3 a5 10. Nh4 a4 11. f4 Na5 12. Nxa4 Nxa4 13. Qxa4 Bd7 14. Qc2 Bc6 15. Nf3 f5 16. b4 Be4 17. Qc3 Nc6 18. Bd2 e6 19. Kf2 Bxf3 20. Bxf3 Nxd4 21. Bxb7 Ra7 22. Bc8 Qd5 23. exd4 Bxd4+ 24. Qxd4 Qxd4+ 25. Be3 Qb2+ 26. Kg1 Rxc8 27. Bxa7 Qxb4 28. Bf2 c5 29. Rfc1 c4 30. a4 Qa5 31. Be1 c3 32. Ra2 Qb6+ 33. Bf2 Qb3 34. Rac2 Qxa4 35. Be1 Qd4+ 36. Kg2 e5 37. fxe5 Qxe5 38. Kf1 Qe4 39. h4 Qh1+ 40. Kf2 f4 41. gxf4 Qxh4+ 42. Kg1 Qg4+ 43. Rg2 Qxf4 44. Rxc3 Rxc3 0-1

[Event "DSOL 2021"]
[Site "Germany"]
[Date "2021.02.26"]
[Round "4.4"]
[White "Strozewski, Frank"]
[Black "Grkinic, Domjan"]
[Result "0-1"]
[WhiteElo "2063"]
[BlackElo "1620"]
[Annotator "TA"]
[PlyCount "58"]
[EventDate "2021.01.18"]
[EventType "team-tourn"]
[EventCountry "GER"]
[SourceTitle "playchess.com"]
[Source "ChessBase"]
[SourceQuality "1"]
[WhiteTeam "SV Erkenschwick I"]
[BlackTeam "SG Arnstadt-Stadtilm"]

1. c4 e5 2. e4 Nf6 3. Nc3 Bc5 4. d3 O-O 5. g3 d6 6. Bg2 Be6 7. Nge2 Nc6 8. O-O Qd7 9. Bg5 Ne8 10. Qd2 f5 11. Be3 Bxe3 12. fxe3 Nf6 13. exf5 Bxf5 14. Nd5 Nxd5 15. cxd5 Ne7 16. e4 Bg4 17. Nc3 b5 18. b4 Ng6 19. Qe3 a6 20. Rxf8+ Rxf8 21. a4 bxa4 22. Rxa4 Qc8 23. Qa7 Bh3 24. Qxa6 Qg4 25. Bxh3 Qxh3 26. Ra1 Nh4 27. Qa2 Nf3+ 28. Kh1 Ne1 29. Ne2 Qg2# 0-1

[Event "DSOL 2021"]
[Site "Germany"]
[Date "2021.02.26"]
[Round "4.4"]
[White "Goldinger, Peter"]
[Black "Bender, Sebastian"]
[Result "1-0"]
[WhiteElo "2062"]
[BlackElo "2013"]
[Annotator "TA"]
[PlyCount "51"]
[EventDate "2021.01.18"]
[EventType "team-tourn"]
[EventCountry "GER"]
[SourceTitle "playchess.com"]
[Source "ChessBase"]
[SourceQuality "1"]
[WhiteTeam "SF Pfullingen I"]
[BlackTeam "SC Weisse Dame"]

1. d4 Nf6 2. c4 g6 3. Nc3 Bg7 4. e4 d6 5. f4 O-O 6. Nf3 Nbd7 7. Be2 e5 8. dxe5 dxe5 9. fxe5 Ng4 10. Bg5 f6 11. exf6 Bxf6 12. Qd5+ Kg7 13. Bxf6+ Qxf6 14. Qd2 Nde5 15. Nd5 Nxf3+ 16. Bxf3 Qe5 17. O-O-O c6 18. Nb4 Be6 19. Kb1 a5 20. Nd3 Qd4 21. Nf4 Qe5 22. Nxe6+ Qxe6 23. Qd7+ Qxd7 24. Rxd7+ Rf7 25. Rxf7+ Kxf7 26. Bxg4 1-0

[Event "DSOL 2021"]
[Site "Germany"]
[Date "2021.02.22"]
[Round "4.4"]
[White "Walter, Rainer"]
[Black "Jacob, Phil"]
[Result "1-0"]
[WhiteElo "2051"]
[BlackElo "1491"]
[Annotator "TA"]
[PlyCount "41"]
[EventDate "2021.01.18"]
[EventType "team-tourn"]
[EventCountry "GER"]
[SourceTitle "playchess.com"]
[Source "ChessBase"]
[SourceQuality "1"]

1. e4 c5 2. Nf3 e6 3. c3 Nc6 4. Bb5 Qc7 5. O-O a6 6. Ba4 b5 7. Bc2 Nf6 8. Re1 Be7 9. d4 cxd4 10. Nxd4 Bb7 11. Bg5 h6 12. Bh4 Bd8 13. Bg3 e5 14. Nf5 O-O 15. Nd2 Be7 16. Nf3 d6 17. h3 Rfd8 18. Rc1 Kh7 19. Qd2 g6 20. Qxh6+ Kg8 21. Qg7# 1-0

[Event "DSOL 2021"]
[Site "Germany"]
[Date "2021.02.26"]
[Round "4.4"]
[White "Steinmueller, Alexander"]
[Black "Koellner, Ruben Gideon"]
[Result "0-1"]
[WhiteElo "2031"]
[BlackElo "2412"]
[Annotator "TA"]
[PlyCount "58"]
[EventDate "2021.01.18"]
[EventType "team-tourn"]
[EventCountry "GER"]
[SourceTitle "playchess.com"]
[Source "ChessBase"]
[SourceQuality "1"]
[WhiteTeam "SK Herzogenaurach I"]
[BlackTeam "SF Deizisau I"]

1. e4 d6 2. d4 Nf6 3. Nc3 e5 4. dxe5 dxe5 5. Qxd8+ Kxd8 6. Bg5 Be6 7. O-O-O+ Nbd7 8. f4 exf4 9. Nge2 h6 10. Bxf6+ gxf6 11. Nxf4 h5 12. g3 h4 13. Nxe6+ fxe6 14. Bh3 Ke7 15. Nb5 Bh6+ 16. Kb1 Rhc8 17. Nd4 Nf8 18. Rhe1 hxg3 19. hxg3 Rd8 20. Rd3 c5 21. Nf3 Ng6 22. Red1 Rxd3 23. Rxd3 b6 24. c3 Rg8 25. Kc2 Nf8 26. g4 Ng6 27. Nh2 Ne5 28. Rg3 Bf4 29. Rg2 Rh8 0-1

[Event "DSOL 2021"]
[Site "Germany"]
[Date "2021.02.22"]
[Round "4.4"]
[White "Gehrmann, Rudolf-Rainer"]
[Black "Klapper, Juergen"]
[Result "1/2-1/2"]
[WhiteElo "2012"]
[BlackElo "1885"]
[Annotator "TA"]
[PlyCount "114"]
[EventDate "2021.01.18"]
[EventType "team-tourn"]
[EventCountry "GER"]
[SourceTitle "playchess.com"]
[Source "ChessBase"]
[SourceQuality "1"]

1. c4 Nf6 2. Nc3 g6 3. g3 Bg7 4. Bg2 d6 5. d4 O-O 6. Nf3 c5 7. O-O Nc6 8. e3 Bf5 9. Re1 e5 10. d5 Nb4 11. e4 Bd7 12. a3 Na6 13. Rb1 Nc7 14. b4 b6 15. bxc5 bxc5 16. Nb5 Nxb5 17. cxb5 Bg4 18. Qc2 Bxf3 19. Bxf3 Qd7 20. a4 Rfb8 21. Be2 Bf8 22. a5 Be7 23. Bd2 Bd8 24. Rb2 Bc7 25. Reb1 Qd8 26. Qa4 Kg7 27. Ra2 Qd7 28. Qc4 Qh3 29. Bf1 Qg4 30. Bg2 Qd7 31. b6 axb6 32. axb6 Rxa2 33. Qxa2 Rxb6 34. Rxb6 Bxb6 35. Qb3 Qa7 36. h4 c4 37. Qxc4 Bxf2+ 38. Kh2 Qa3 39. Qc3 Qxc3 40. Bxc3 Bc5 41. Kh3 h5 42. Bf3 Kf8 43. Bd2 Bb6 44. Bg5 Kg7 45. Bxf6+ Kxf6 46. g4 hxg4+ 47. Bxg4 Be3 48. Bf3 Kg7 49. Bg4 Kh6 50. Bd7 g5 51. hxg5+ Kxg5 52. Bf5 Kf4 53. Kh4 Bc5 54. Kh3 Kf3 55. Kh4 Kf4 56. Kh3 Kf3 57. Kh4 Kf4 1/2-1/2

[Event "DSOL 2021"]
[Site "Germany"]
[Date "2021.02.25"]
[Round "4.4"]
[White "Gehringer, Frank"]
[Black "Schmidt, Konrad"]
[Result "1-0"]
[WhiteElo "2002"]
[BlackElo "1652"]
[Annotator "TA"]
[PlyCount "49"]
[EventDate "2021.01.18"]
[EventType "team-tourn"]
[EventCountry "GER"]
[SourceTitle "playchess.com"]
[Source "ChessBase"]
[SourceQuality "1"]

1. e4 e5 2. f4 Nf6 3. Nf3 Nxe4 4. d3 Nc5 5. fxe5 d5 6. d4 Ne6 7. c4 Bb4+ 8. Bd2 Bxd2+ 9. Qxd2 O-O 10. cxd5 Qxd5 11. Nc3 Qa5 12. Bc4 Qb4 13. Bxe6 Bxe6 14. O-O c6 15. a3 Qa5 16. b4 Qc7 17. Ne4 Nd7 18. Rac1 Rad8 19. Nd6 f6 20. Qd3 fxe5 21. Ng5 e4 22. Qxe4 Bf5 23. Nxf5 Nf6 24. Ne7+ Kh8 25. Rxf6 1-0

[Event "DSOL 2021"]
[Site "Germany"]
[Date "2021.02.23"]
[Round "4.4"]
[White "Wurmb, Peter"]
[Black "Nurovic, Semir"]
[Result "1/2-1/2"]
[WhiteElo "1990"]
[BlackElo "1620"]
[Annotator "TA"]
[PlyCount "134"]
[EventDate "2021.01.18"]
[EventType "team-tourn"]
[EventCountry "GER"]
[SourceTitle "playchess.com"]
[Source "ChessBase"]
[SourceQuality "1"]

1. d4 d5 2. Nf3 c5 3. c4 dxc4 4. Nc3 Nf6 5. e4 cxd4 6. Qxd4 Qxd4 7. Nxd4 g6 8. Bxc4 Bg7 9. Ndb5 Na6 10. O-O O-O 11. f3 Bd7 12. Be3 Rfc8 13. Be2 Bxb5 14. Bxb5 Nb4 15. Rac1 a6 16. Be2 Nd7 17. Rfd1 Nf8 18. Bd4 Bh6 19. Rb1 Ne6 20. Bf2 Nf4 21. Bf1 b5 22. a3 Nc2 23. g3 Ne6 24. Nd5 Re8 25. f4 Bg7 26. e5 Rac8 27. Rd2 Kf8 28. Rc1 Ncd4 29. Rxc8 Nf3+ 30. Kg2 Nxd2 31. Rc6 Nxf1 32. Kxf1 Ra8 33. Nb6 Rd8 34. Ke1 Ke8 35. a4 h6 36. Be3 g5 37. axb5 axb5 38. b4 gxf4 39. gxf4 Nd4 40. Rc5 Nf3+ 41. Ke2 Nxh2 42. Rxb5 Ng4 43. Bc5 h5 44. Nc4 Bh6 45. Kf3 Nh2+ 46. Kg3 Nf1+ 47. Kf2 Nh2 48. f5 Bf4 49. Rb7 Rd7 50. Rb8+ Rd8 51. Rxd8+ Kxd8 52. Bd4 Kc7 53. b5 h4 54. Kg2 Kb7 55. f6 exf6 56. exf6 Bg3 57. Be5 Ng4 58. Bd4 Nh2 59. Nd2 Ng4 60. Ne4 Be5 61. Bxe5 Nxe5 62. Nd6+ Kc7 63. Nxf7 Nxf7 64. Kh3 Kb6 65. Kxh4 Kxb5 66. Kh5 Kc6 67. Kg6 Nd6 1/2-1/2